000 00157nam a22000857a 4500
082 _a823
100 _aLEWIS CARROL
245 _aALICE IN WONDERLAND
942 _cBK
999 _c8210
_d8210